000 00543nam a2200217Ia 4500
003 OSt
005 20221002054713.0
006 a|||||r|||| 00| 0
007 ta
008 220930b |||||||| |||| 00| 0 eng d
024 _a70069
037 _cReference Collections
040 _aCRL
_cCRL
_beng
041 _2eng
_aeng
082 _aJ:f, K9(RR)
245 0 _aINDIAN COUNCIL OF AGRICULTURAL RESEARCH
260 _c1969
300 _a1120p.
_ccm.
942 _hJ:f, K9(RR)
_cref
_2CC
999 _c925598
_d925598